书目信息 |
| 题名: |
系统工程技术
|
|
| 作者: | 薛惠峰 , 苏锦旗 , 吴慧欣 编 | |
| 分册: | ||
| 出版信息: | 北京 国防工业出版社 2007.07 |
|
| 页数: | 350页 | |
| 开本: | 26cm | |
| 丛书名: | 系统工程系列教材 | |
| 单 册: | ||
| 中图分类: | N945.2 | |
| 科图分类: | ||
| 主题词: | 系统工程--xi tong gong cheng--工程技术--教材 | |
| 电子资源: | ||
| ISBN: | 978-7-118-05055-4 | |
| 000 | 01065nam 2200289 450 | |
| 001 | 012007866730 | |
| 005 | 20071108075211.34 | |
| 010 | @a978-7-118-05055-4@dCNY32.00 | |
| 100 | @a20071107d2007 km y0chiy0120 ea | |
| 101 | 0 | @achi |
| 102 | @aCN@b110000 | |
| 105 | @aa z 000yy | |
| 106 | @ar | |
| 200 | 1 | @a系统工程技术@Axi tong gong cheng ji shu@f薛惠峰 ... [等] 编@Fxue hui feng...[deng]bian |
| 210 | @a北京@c国防工业出版社@d2007.07 | |
| 215 | @a350页@c图@d26cm | |
| 225 | 2 | @a系统工程系列教材@Axi tong gong cheng xi lie jiao cai |
| 304 | @a题名页题 : 薛惠峰, 苏锦旗, 吴慧欣, 邢书宝编著 | |
| 330 | @a本书共11章,作为工科类和管理类应具备的必要知识和学习其他相应课程的重要基础,本书根据相关专业知识结构的需要、系统介绍了系统工程、系统工程技术等。 | |
| 410 | 0 | @12001 @a系统工程系列教材 |
| 606 | 0 | @a系统工程@Axi tong gong cheng@x工程技术@j教材 |
| 690 | @aN945.2@v4 | |
| 701 | 0 | @a薛惠峰@Axue hui feng@4编 |
| 701 | 0 | @a苏锦旗@Asu jin qi@4编 |
| 701 | 0 | @a吴慧欣@Awu hui xin@4编 |
| 801 | 0 | @aCN@b@c20071108 |
| 905 | @b265323-25@dN945.2@eX945@f3 | |
| 系统工程技术/薛惠峰 ... [等] 编.-北京:国防工业出版社,2007.07 |
| 350页:图;26cm.-(系统工程系列教材) |
| ISBN 978-7-118-05055-4:CNY32.00 |
| 本书共11章,作为工科类和管理类应具备的必要知识和学习其他相应课程的重要基础,本书根据相关专业知识结构的需要、系统介绍了系统工程、系统工程技术等。 |
| ● |
| 相关链接 |
|
|
|
正题名:系统工程技术
索取号:N945.2/X945
 
预约/预借
| 序号 | 登录号 | 条形码 | 馆藏地/架位号 | 状态 | 备注 |
| 1 | 265323 | 202653235 | 自科库401/401自科库 142排2列6层/ [索取号:N945.2/X945] | 在馆 | |
| 2 | 265324 | 202653244 | 期刊室512/401自科库 142排2列6层/ [索取号:N945.2/X945] | 在馆 | |
| 3 | 265325 | 202653253 | 期刊室512/401自科库 142排2列6层/ [索取号:N945.2/X945] | 在馆 |